|
|
|
|
| LEADER |
00708cam a2200193 i 4500 |
| 020 |
|
|
|a 9781446287545 (hardcover)
|
| 020 |
|
|
|a 9781446287552 (pbk.)
|
| 082 |
0 |
0 |
|a 338.4791HM
|b BRO
|
| 100 |
1 |
|
|a Brotherton, Bob,
|
| 245 |
1 |
0 |
|a Researching hospitality and tourism /
|c Bob Brotherton.
|
| 250 |
|
|
|a 2nd edition.
|
| 260 |
|
|
|a London:
|b Sage,
|c 2015.
|
| 300 |
|
|
|a xvii, 311 pages :
|b illustrations ;
|
| 504 |
|
|
|a Includes bibliographical references and index.
|
| 650 |
|
0 |
|a Hospitality management;
|a Hotel industry;
|
| 650 |
|
0 |
|a Tourism
|
| 942 |
|
|
|c BK
|
| 999 |
|
|
|c 300326
|d 300326
|
| 952 |
|
|
|0 0
|1 0
|4 0
|6 338_000000000000000_4791HM_BRO
|7 0
|9 320645
|a IMK
|b IMK
|d 2020-09-29
|g 2580.11
|l 0
|o 338.4791HM BRO
|p IMK0T560
|r 2020-09-29
|w 2020-09-29
|y BK
|